000 00939nam a2200313 a 4500
001 000108087
003 CHAP
005 20220329143957.0
008 131204s2002 mx | |r| |||1|||spa|d
010 _a104549
011 _a105521
020 _a9789703202195
040 _cCHAP
082 _a516
_bR17
100 1 _aRamírez-Galarza, Ana Irene
_994371
245 1 0 _aIntroducción a la geometría avanzada /
_cpor Ana Irene Ramírez Galarza y José Seade Kurí.
260 3 _aMéxico, D.F. :
_bUNAM, Facultad de Ciencias,
_c2002.
300 _aiv, 252 p.
490 1 _aLas prensas de ciencias
590 _aE792CSJ
_b05
_c20131204
_lUCH01
_h1236
590 _aE792CSJ
_b05
_c20131204
_lUCH01
_h1356
650 1 4 _aGeometría euclidiana.
_947657
650 1 4 _aGeometría proyectiva.
_947659
700 1 _aSeade Kurí, José
_9124899
830 0 _aLas prensas de ciencias
_965007
901 _aBK
942 _cLIBRO
942 _n0
999 _c104549
_d104549